000 01379cam a2200325 a 4500
999 _c128247
_d128247
001 3831856
003 ARRUPE
005 20180924122735.0
008 860619s1986 enka b 001 0 eng
010 _a 86174110
020 _a0852551002 :
_c£25.00
020 _a0852551010 (pbk.)
040 _aDLC
_cDLC
_dDLC
043 _af-tz---
_ad------
050 0 0 _aHC885
_b.K34 1986
082 0 0 _a330.9678/04
_219
100 1 _aKahama, C. George.
_942521
245 1 4 _aThe challenge for Tanzania's economy /
_cC. George Kahama, T. L. Maliyamkono, Stuart Wells.
260 _aLondon :
_bJ. Currey ;
_aPortsmouth, N.H. :
_bHeinemann,
_c1986.
300 _avi, 384 p. :
_bill. ;
_c25 cm.
500 _aIncludes index.
504 _aBibliography: p. 357-375.
651 0 _aTanzania
_xEconomic conditions
_y1964-
_913384
651 0 _aTanzania
_xEconomic policy.
_924833
651 0 _aDeveloping countries
_xEconomic policy
_xCase studies.
_942522
700 1 _aMaliyamkono, T. L.
_942523
700 1 _aWells, Stuart J.,
_d1946-
_942524
906 _a0
_bcbc
_corignew
_d2
_encip
_f19
_gy-gencatlg
942 _2lcc
_cMONOGRAPH